000 00243nam a22001097a 4500
040 _a0
_c0
082 _a297.122
_bH968.2
100 _aAila F. Hussain
_9130454
245 _a2000 Names for Muslim Children
300 _a124p.
942 _2ddc
_cBK
999 _c614636
_d614636